000 00396 a2200193 4500
001 112411
041 _apor
090 _aDVD 0133
245 1 0 _aAviƵes
250 _a. ed.
300 _aColorido
490 _aCarros
697 _aAventura
697 _aDVD Infantil.
830 _aCarros
040 _aBR-BrIDEA
_cBR-BrIDEA
260 _a[S.l.]
_bBuena Vista Home
_c2013
942 _cCF
999 _c112411
_d112411